| 000 | 00422cam a22001217a 4500 | ||
|---|---|---|---|
| 008 | 180718b1955 xxu||||| |||| 00| 0 eng d | ||
| 082 | _aB813x54 In2b/F | ||
| 100 | _aBihar. State Reorganisation Commission | ||
| 245 | _aFacts and figures for the State Reorganisation Commission | ||
| 260 |
_aPatna _bThe author _c1955 |
||
| 300 | _a6 Parts | ||
| 500 | _aContents: Pt.1. 68p;Pt.2. 231p;Pt.3. 77p;Pt.4. 193p;Pt.5. 206p;Pt.6. 30p | ||
| 999 |
_c488871 _d488871 |
||